Normal view
MARC view
- Datapro Research Corporation
Entry Corporate Name
001 - CONTROL NUMBER
- control field: 96255
003 - CONTROL NUMBER IDENTIFIER
- control field: NUST
005 - DATE AND TIME OF LATEST TRANSACTION
- control field: 20220802123254.0
008 - FIXED-LENGTH DATA ELEMENTS
- fixed length control field: 220802|| aca||aabn | a|a d
040 ## - CATALOGING SOURCE
- Original cataloging agency: NUST
- Transcribing agency: NUST
110 ## - HEADING--CORPORATE NAME
- Corporate name or jurisdiction name as entry element: Datapro Research Corporation
670 ## - SOURCE DATA FOUND
- Source citation: Work cat.: (NUST)176505: Datapro/McGraw-Hill guide to Apple software., c1983.
